000 00495nam a2200181Ia 4500
005 20250508162121.0
008 008 250505s9999 xx 000 0 hin d
037 _aTextual
040 _aFEDL
_beng
_cFEDL
041 _ahin
_2eng
084 _a907, TAN
_qFEDL
100 _aTandan Tejnarayan Ed.
_9772349
245 0 _aItihas shikshan vidhi
260 _aLucknow, India
_bHindi Sahitya Bhandar
_c1960
300 _a64p.
942 _cTEXL
_h907, TAN
999 _c1374482
_d1374482